| 000 | 00747nam a2200205 i 4500 | ||
|---|---|---|---|
| 001 | 186527 | ||
| 003 | ES-MaACL | ||
| 005 | 20250729035309.0 | ||
| 008 | 161122q1926 fr a |||| | fre d | ||
| 245 | 0 | 0 |
_aPremières notions de sciences _b: a l'usage des éléves / _cpar une réunion de professeurs. |
| 246 | 3 |
_aPremières notions de sciences _b: naturelles et physiques |
|
| 260 |
_aParis : _bLibr. Générale, _c[1926] ( _eTours) |
||
| 300 |
_aX, 252 p. : _bil. ; _c18 cm. |
||
| 490 | 1 | _aCollection d'ouvrages classiques | |
| 500 | _aÍndice. | ||
| 650 | 7 |
_aCiencias- _xLibros de texto _2 _9162876 |
|
| 830 | 0 |
_aCollection d'ouvrages classiques _9192573 |
|
| 852 |
_aES-MaACL _jL-30873 _z- enc. cart. |
||
| 999 |
_c186527 _d186527 |
||